000 00461nam a2200181Ia 4500
001 11867
005 20260306162859.0
008 260306t2022||||xx |||||||||||||| ||spa||
041 _aESP
082 _aHR 200
_bOCT-DIC 2022 SALESIANUM
110 _aPontificiae Studiorum Universitatis Salesianae - Romae
245 0 _aSalesianum
260 _c2022
300 _aPáginas 622-83 :
_c24 cm.
650 _aGEN
654 _aCHU
942 _cREV
_dJUS
_fJUS
_2ddc
_n
999 _c11867
_d11867